Vision: Outsourcing (Record no. 74219)
[ view plain ]
| 000 -LEADER | |
|---|---|
| fixed length control field | 01361cab a2200241 4500 |
| 001 - CONTROL NUMBER | |
| control field | ABS67495 |
| 008 - FIXED-LENGTH DATA ELEMENTS--GENERAL INFORMATION | |
| fixed length control field | 040303n2004 000 0 eng u |
| 035 ## - SYSTEM CONTROL NUMBER | |
| System control number | (Sirsi) u125305 |
| 100 ## - MAIN ENTRY--PERSONAL NAME | |
| Personal name | Waller, A. |
| 245 ## - TITLE STATEMENT | |
| Title | Vision: Outsourcing |
| 260 ## - PUBLICATION, DISTRIBUTION, ETC. | |
| Date of publication, distribution, etc. | 2004 |
| 490 ## - SERIES STATEMENT | |
| Series statement | Estates Gazette |
| Volume/sequential designation | (0408) 21 February 2004, 118-121(4) |
| 520 ## - SUMMARY, ETC. | |
| Summary, etc. | Examines the processes of outsourcing and its potential benefits for businesses. Gives an explanation of what outsourcing is and how it differs from a traditional supplier relationship. Details some of the many different types of outsourcing,including application service provision and business process outsourcing, and gives further advice on what businesses can outsource. Argues that typical areas for a property company to outsource could be property and facilities management including rental and service charge accounting, which would allow the property company to concentrate on more core tasks. Warns of some of the problems that can occur with these processes and gives some key areas to examine if outsourcing is going to be considered. |
| 590 ## - LOCAL NOTE (RLIN) | |
| Local note | ABS |
| 650 ## - SUBJECT ADDED ENTRY--TOPICAL TERM | |
| Topical term or geographic name entry element | OUTSOURCING |
| 650 ## - SUBJECT ADDED ENTRY--TOPICAL TERM | |
| Topical term or geographic name entry element | OUTSIDE CONTRACTING |
| 650 ## - SUBJECT ADDED ENTRY--TOPICAL TERM | |
| Topical term or geographic name entry element | Property management |
| 9 (RLIN) | 6262 |
| 650 ## - SUBJECT ADDED ENTRY--TOPICAL TERM | |
| Topical term or geographic name entry element | PROPERTY INVESTMENT |
| 650 ## - SUBJECT ADDED ENTRY--TOPICAL TERM | |
| Topical term or geographic name entry element | COST CONTROL |
| 690 ## - LOCAL SUBJECT ADDED ENTRY--TOPICAL TERM (OCLC, RLIN) | |
| Topical term or geographic name as entry element | MANAGEMENT-BUSINESS MANAGEMENT |
| 700 ## - ADDED ENTRY--PERSONAL NAME | |
| Personal name | Shooter, R. |
| 942 ## - ADDED ENTRY ELEMENTS (KOHA) | |
| Suppress in OPAC | 0 |
| Withdrawn status | Lost status | Source of classification or shelving scheme | Damaged status | Not for loan | Home library | Current library | Shelving location | Date acquired | Total Checkouts | Full call number | Barcode | Date last seen | Copy number | Price effective from | Koha item type |
|---|---|---|---|---|---|---|---|---|---|---|---|---|---|---|---|
| Dewey Decimal Classification | London | London | Journal article | 03/03/2004 | ABS67495 | 125305-1001 | 06/08/2019 | 1 | 06/08/2019 | Journal article |